1008 1729 1923 1323 1510 1953 1798 1808 1035 1369 1055 1930 1816 1409 1572 1615 1092 1236 1928 1534 1384 1396 1595 1625 1874 1404 1655 1284 1521 1609 1977 1673 1567 1085 1470 1932 1105 1035 1532 1331 1654 1335 1068 1780 1312 1683 1612 1359 1265 1673 1063 1588 1933 1869 1283 1870 1935 1246 1825 1593 1414 1426 1631 1205 1229 1631 1482 1461 1842 1879 1528 1061 1954 1466 1333 1916 1334 1774 1126 1862 1857 1648 1711 1754 1438 1677 1381 1429 1045 1113 1953 1126 1370 1252 1878 1852 1607 1073 1608 BCNSPRNW ULIB Ver.6.0+V

เปลี่ยนเป็นภาษาไทย

Change to English
 แสดงรายละเอียดบรรณานุกรม
  กลับหน้าหลัก

Brief Record : Get Marc (ISO 2709) : E-mail record : QR code < ปิดหน้าต่าง
LEADER : 00000nam 2200000uu 4500
001    13399126585
003     ULIB
008    020711s2561 th a 000 0 tha d
020    ^a9786168145111
050    ^aนว^bพ576ด
100    ^aพันธุ์พเยีย
245    ^aดาราพราวแสง ซีรีส์ชุดสี่ดรุณี/^cพันธุ์พเยีย
260    ^aกรุงเทพฯ :^bบางรักษ์,^c2561
300    ^a432 หน้า;^b26 ซม.
650    ^aนวนิยาย
945    ^p340^l0^i004780
999    ^aประนอม เกษจรัล
รายการนี้ยังไม่มีแท็ก
คุณยังไม่ได้ล็อกอิน คุณสามารถมีกิจกรรมร่วมกับเว็บไซต์ได้ แต่ต้องล็อกอินก่อน ::
  ล็อกอิน

รายการสื่อสารสนเทศ

ลำดับที่ ประเภท เลขเรียก/บาร์โค้ด สถานที่ สถานะ
1. นวนิยาย
นวนิยาย
นว พ576ด ฉ.1 
  Barcode: 004780
ห้องสมุดวิทยาเขตสวรรค์ประชารักษ์
►นวนิยาย
บนชั้น
  ขอยืม

รายการใกล้เคียง
    ผู้แต่ง [พันธุ์พเยีย]

    หัวเรื่อง [นวนิยาย]

BibComment


ยังไม่เคยถูกคอมเมนท์

คอมเมนท์ทรัพยากรรายการนี้
  คอมเมนท์: ดาราพราวแสง ซีรี..


 Copyright 2026. Bcnsprnw @Library